<?xml version='1.0' encoding='UTF-8'?>
  <record xmlns="http://www.loc.gov/MARC21/slim">
    <leader>00000cam a2200000 i 4500</leader>
    <controlfield tag="001">ocm66934881</controlfield>
    <controlfield tag="003">OCoLC</controlfield>
    <controlfield tag="005">20250926222832.1</controlfield>
    <controlfield tag="008">800401s1580    gw            001 0 ger d</controlfield>
    <datafield tag="040" ind1=" " ind2=" ">
      <subfield code="a">NLGGC</subfield>
      <subfield code="b">eng</subfield>
      <subfield code="e">rda</subfield>
      <subfield code="e">dcrmr</subfield>
      <subfield code="c">NLGGC</subfield>
      <subfield code="d">QGJ</subfield>
      <subfield code="d">OCLCQ</subfield>
      <subfield code="d">OCLCO</subfield>
      <subfield code="d">QGJ</subfield>
      <subfield code="d">OCLCO</subfield>
    </datafield>
    <datafield tag="029" ind1="0" ind2=" ">
      <subfield code="a">NLGGC</subfield>
      <subfield code="b">196159717</subfield>
    </datafield>
    <datafield tag="035" ind1=" " ind2=" ">
      <subfield code="a">(OCoLC)66934881</subfield>
    </datafield>
    <datafield tag="041" ind1="0" ind2=" ">
      <subfield code="a">ger</subfield>
      <subfield code="a">lat</subfield>
    </datafield>
    <datafield tag="084" ind1=" " ind2=" ">
      <subfield code="a">11.55</subfield>
      <subfield code="2">bcl</subfield>
    </datafield>
    <datafield tag="130" ind1="0" ind2=" ">
      <subfield code="a">Book of concord.</subfield>
    </datafield>
    <datafield tag="245" ind1="0" ind2="0">
      <subfield code="a">Concordia ... :</subfield>
      <subfield code="b">Christliche, Widerholete, einmütige Bekentnüs nachbenanter Churfürsten, Fürsten vnd Stende Augspurgischer Confession, vnd derselben zu ende des Buchs vnderschriebener Theologen Lere vnd Glaubens. /</subfield>
      <subfield code="c">Mit angeheffter, in Gottes wort, als der einigen Richtschnur, wolgegründter erklerung etlicher Artickel, bey welchen nach D. Martin Luthers seligen absterben, disputation vnd streit vorgefallen. Aus einhelliger vergleichung vnd beuchlebgedachter Churfürsten, Fürsten vnd Stende, derselben Landen, Kirchen, Schulen vnd Nachkommen, zum vnderricht vnd warnung in Druck vorfertiget.</subfield>
    </datafield>
    <datafield tag="264" ind1=" " ind2="1">
      <subfield code="a">Dressden :</subfield>
      <subfield code="b">[Matthes Stöckel und Gimel Bergen],</subfield>
      <subfield code="c">1580.</subfield>
    </datafield>
    <datafield tag="300" ind1=" " ind2=" ">
      <subfield code="a">[12], 330 [that is, 331], [7], XXIIII, [25] leaves ;</subfield>
      <subfield code="c">32 cm (folio)</subfield>
    </datafield>
    <datafield tag="336" ind1=" " ind2=" ">
      <subfield code="a">text</subfield>
      <subfield code="b">txt</subfield>
      <subfield code="2">rdacontent</subfield>
    </datafield>
    <datafield tag="337" ind1=" " ind2=" ">
      <subfield code="a">unmediated</subfield>
      <subfield code="b">n</subfield>
      <subfield code="2">rdamedia</subfield>
    </datafield>
    <datafield tag="338" ind1=" " ind2=" ">
      <subfield code="a">volume</subfield>
      <subfield code="b">nc</subfield>
      <subfield code="2">rdacarrier</subfield>
    </datafield>
    <datafield tag="340" ind1=" " ind2=" ">
      <subfield code="m">folio</subfield>
      <subfield code="2">rdabf</subfield>
    </datafield>
    <datafield tag="500" ind1=" " ind2=" ">
      <subfield code="a">A Tetragrammaton appears within a decorative element separating sections of the title on title page.</subfield>
    </datafield>
    <datafield tag="500" ind1=" " ind2=" ">
      <subfield code="a">Imprint: Dressden. M.D. LXXX.</subfield>
    </datafield>
    <datafield tag="500" ind1=" " ind2=" ">
      <subfield code="a">Colophon on leaf XXIIII recto: Dressden. Gedruckt durch Matthes Stöckel vnd Gimel Bergen. M.D.LXXX.</subfield>
    </datafield>
    <datafield tag="500" ind1=" " ind2=" ">
      <subfield code="a">Colophon on leaf [iota]4 with printer's device: Gedruckt zu Dressden, im Churfürst. Sechs. Hofelager, durch Matthes Stöckel vnd Gimel Bergen. Anno M.D.LXXIX.</subfield>
    </datafield>
    <datafield tag="500" ind1=" " ind2=" ">
      <subfield code="a">Title page in red and black.</subfield>
    </datafield>
    <datafield tag="500" ind1=" " ind2=" ">
      <subfield code="a">Also on title page: "Mit Churf. G. zu Sachsen befreihung."</subfield>
    </datafield>
    <datafield tag="500" ind1=" " ind2=" ">
      <subfield code="a">Signatures: ¹A-B⁶, ²A-C⁶ D² E-Z⁶, a-c⁶ d⁸ e⁶ f-g⁴ h-v⁶ x² y-z⁶, AA-LL⁶, )(⁶, ³A-F⁴, [alpha]⁴ [beta]-[theta]² [iota]⁴ [kappa]-[lambda]² (d8, LL6 and [lambda]2 are blank).</subfield>
    </datafield>
    <datafield tag="500" ind1=" " ind2=" ">
      <subfield code="a">The two parts of the Formula of Concord - "Summarischer Begriff, der Streitigen Artickel..." and "Gründtliche ... Widerholung und Erklerung etlicher Artickel Augspurgischer Confession..." - have seperate title pages with imprints from 1579.</subfield>
    </datafield>
    <datafield tag="500" ind1=" " ind2=" ">
      <subfield code="a">"Vorzeichnüs der Zeugnissen heiliger Schrifft..." has a seperate title page.</subfield>
    </datafield>
    <datafield tag="500" ind1=" " ind2=" ">
      <subfield code="a">A woodcut illustration of two cherubs holding the coat of arms of Saxony on title page of Gründtliche ... Widerholung und Erklerung etlicher Artickel Augspurgischer Confession... (leaf y1 recto).</subfield>
    </datafield>
    <datafield tag="500" ind1=" " ind2=" ">
      <subfield code="a">With woodcut initials, tail-pieces, and printed marginalia.</subfield>
    </datafield>
    <datafield tag="500" ind1=" " ind2=" ">
      <subfield code="a">Foliation errors: leaf 221 misnumbered 121, leaf 229 misnumbered 129.</subfield>
    </datafield>
    <datafield tag="505" ind1="0" ind2="0">
      <subfield code="t">Die Drey Haupt Symbola oder Bekentnüs des Glaubens Christi in der Kirchen eintrechtiglich gebraucht. --</subfield>
      <subfield code="t">Augspurgische Confession --</subfield>
      <subfield code="t">Apologia der Confession aus dem Latein verdeutscht, durch Justum Jonam. Vorrede. Philippus Melancthon, dem leser. --</subfield>
      <subfield code="t">Artikel Christlicher Lere, so da hetten sollen auffs Concilium zu Mantua, oder wo es sonst worden were, vberantwort werden --</subfield>
      <subfield code="t">Von der Gewalt vnd Oberkeit des Bapsts, durch die Gelerten zusamen gezogen zu Schmalkalden. --</subfield>
      <subfield code="t">Enchiridion. Der Kleine Catechismus, D. Martini Lutheri, für die gemeine Pfarherrn vnd Prediger. --</subfield>
      <subfield code="t">Der grosse Cathechismus Deutsch, Doct. Mart. Luth. --</subfield>
      <subfield code="t">Summarischer Begriff, der Streitigen Artickel, zwischen den Theologen Augspurgischer Confession, in nachuolgender widerholung, nach Anleitung Gottes worts, Christlich erkleret vnd verglichen. --</subfield>
      <subfield code="t">Gründtliche, lautere, Richtige, vnd endtliche widerholung vnd erklerung etlicher Artickel Augspurgischer Confession, in welchen eine zeitlang, vnter etlichen Theologen derselbigen zugethan, streit vorgefallen, nach anleitung Gottes worts, vnd Summarischem inhalt vnser Christlichen Lehr, beygelegt, vnd verglichen. --</subfield>
      <subfield code="t">Register der fürnembsten Heuptstücke Christlicher lere, so in diesem Buch gehandelt werden. --</subfield>
      <subfield code="t">Vorzeichnüs der Zeugnissen heiliger Schrifft, vnd der alten reinen Kirchen Lerer, Wie dieselbigen von der Person, vnd Göttlichen Maiestet der Menschlichen Natur vnsers Herrn Jhesu Christi, zur rechten der Allmechtigen krafft Gottes eingesetzt, gelehret vnd geredt haben. --</subfield>
      <subfield code="t">Namen der Theologen, Kirchen vnd Schuldiener.</subfield>
    </datafield>
    <datafield tag="510" ind1="4" ind2=" ">
      <subfield code="a">Verzeichnis der im deutschen Sprachbereich erschienenen Drucke des 16. Jahrhunderts (VD 16),</subfield>
      <subfield code="c">K 1991</subfield>
      <subfield code="u">https://gateway-bayern.de/VD16+K+1991</subfield>
    </datafield>
    <datafield tag="546" ind1=" " ind2=" ">
      <subfield code="a">In German, with some passages in Latin.</subfield>
    </datafield>
    <datafield tag="630" ind1="0" ind2="0">
      <subfield code="a">Augsburg Confession.</subfield>
    </datafield>
    <datafield tag="650" ind1=" " ind2="0">
      <subfield code="a">Lutheran Church</subfield>
      <subfield code="v">Catechisms.</subfield>
    </datafield>
    <datafield tag="650" ind1=" " ind2="0">
      <subfield code="a">Lutheran Church</subfield>
      <subfield code="v">Creeds.</subfield>
    </datafield>
    <datafield tag="650" ind1=" " ind2="6">
      <subfield code="a">Église luthérienne</subfield>
      <subfield code="v">Catéchismes.</subfield>
    </datafield>
    <datafield tag="650" ind1=" " ind2="6">
      <subfield code="a">Église luthérienne</subfield>
      <subfield code="v">Symboles de foi.</subfield>
    </datafield>
    <datafield tag="630" ind1="0" ind2="7">
      <subfield code="a">Augsburg Confession</subfield>
      <subfield code="2">fast</subfield>
    </datafield>
    <datafield tag="650" ind1=" " ind2="7">
      <subfield code="a">Lutheran Church</subfield>
      <subfield code="2">fast</subfield>
    </datafield>
    <datafield tag="650" ind1="1" ind2="7">
      <subfield code="a">Geloofsleer.</subfield>
      <subfield code="2">gtt</subfield>
      <subfield code="0">(NL-LeOCL)078515424</subfield>
    </datafield>
    <datafield tag="650" ind1="1" ind2="7">
      <subfield code="a">Lutheranisme.</subfield>
      <subfield code="2">gtt</subfield>
      <subfield code="0">(NL-LeOCL)078579325</subfield>
    </datafield>
    <datafield tag="655" ind1=" " ind2="7">
      <subfield code="a">Catechisms</subfield>
      <subfield code="2">fast</subfield>
    </datafield>
    <datafield tag="655" ind1=" " ind2="7">
      <subfield code="a">Bronnen (vorm)</subfield>
      <subfield code="2">gtt</subfield>
      <subfield code="0">(NL-LeOCL)088142175</subfield>
    </datafield>
    <datafield tag="700" ind1="1" ind2="2">
      <subfield code="i">Container of (expression):</subfield>
      <subfield code="a">Melanchthon, Philip,</subfield>
      <subfield code="d">1497-1560.</subfield>
      <subfield code="t">Apologia Confessionis Augustanae.</subfield>
      <subfield code="l">German.</subfield>
    </datafield>
    <datafield tag="700" ind1="1" ind2="2">
      <subfield code="i">Container of (expression):</subfield>
      <subfield code="a">Luther, Martin,</subfield>
      <subfield code="d">1483-1546.</subfield>
      <subfield code="t">Drei Symbole.</subfield>
    </datafield>
    <datafield tag="700" ind1="1" ind2="2">
      <subfield code="i">Container of (expression):</subfield>
      <subfield code="a">Luther, Martin,</subfield>
      <subfield code="d">1483-1546.</subfield>
      <subfield code="t">Schmalkaldischen Artikel.</subfield>
    </datafield>
    <datafield tag="700" ind1="1" ind2="2">
      <subfield code="i">Container of (expression):</subfield>
      <subfield code="a">Melanchthon, Philip,</subfield>
      <subfield code="d">1497-1560.</subfield>
      <subfield code="t">Tractatus de potestate et primatu papae.</subfield>
      <subfield code="l">German.</subfield>
    </datafield>
    <datafield tag="700" ind1="1" ind2="2">
      <subfield code="i">Container of (expression):</subfield>
      <subfield code="a">Luther, Martin,</subfield>
      <subfield code="d">1483-1546.</subfield>
      <subfield code="t">Kleine Katechismus.</subfield>
    </datafield>
    <datafield tag="700" ind1="1" ind2="2">
      <subfield code="i">Container of (expression):</subfield>
      <subfield code="a">Luther, Martin,</subfield>
      <subfield code="d">1483-1546.</subfield>
      <subfield code="t">Grosse Katechismus.</subfield>
    </datafield>
    <datafield tag="700" ind1="1" ind2=" ">
      <subfield code="a">Jonas, Justus,</subfield>
      <subfield code="d">1493-1555,</subfield>
      <subfield code="e">translator.</subfield>
      <subfield code="4">trl</subfield>
      <subfield code="1">https://id.oclc.org/worldcat/entity/E39PBJjRRWGpTMTy6pBtDFx7HC</subfield>
    </datafield>
    <datafield tag="700" ind1="1" ind2=" ">
      <subfield code="a">Stöckel, Matthes,</subfield>
      <subfield code="d">active 1542-1586,</subfield>
      <subfield code="e">printer.</subfield>
      <subfield code="4">prt</subfield>
      <subfield code="1">https://id.oclc.org/worldcat/entity/E39PCjMyJ9rbmGcp8M9V6qfP43</subfield>
    </datafield>
    <datafield tag="700" ind1="1" ind2=" ">
      <subfield code="a">Bergen, Gimel,</subfield>
      <subfield code="d">approximately 1540-1597,</subfield>
      <subfield code="e">printer.</subfield>
      <subfield code="4">prt</subfield>
      <subfield code="1">https://id.oclc.org/worldcat/entity/E39PBJkMPhtRp6hVMCBTvdp773</subfield>
    </datafield>
    <datafield tag="730" ind1="0" ind2="2">
      <subfield code="i">Container of (expression):</subfield>
      <subfield code="a">Formula Concordiae.</subfield>
    </datafield>
    <datafield tag="730" ind1="0" ind2="2">
      <subfield code="i">Container of (expression):</subfield>
      <subfield code="a">Augsburg Confession.</subfield>
    </datafield>
    <datafield tag="752" ind1=" " ind2=" ">
      <subfield code="a">Germany</subfield>
      <subfield code="d">Dresdenm</subfield>
      <subfield code="e">publication place.</subfield>
      <subfield code="4">pup</subfield>
    </datafield>
  </record>